000 01858cam a22004694i 4500
003 PE-LiUPU
005 20250731172910.0
008 150617s1983 pe rb 000 0 spa d
035 _a(Sirsi) a16847
040 _aPE-LiUPU
_bspa
_cPE-LiUPU
_erda
049 _aPRUA
082 0 4 _a253.5
_bV37
_221
245 0 0 _aOrientación sicológica humanístico-cristiana :
_bIntroducción al counseling religioso /
_cEditado por S. J. Vaugman y P. Richard.
264 1 _aLima :
_b1983.
300 _a185 páginas ;
_c20 centímetros
336 _atext
_2rdacontent
337 _aunmediated
_2rdamedia
338 _avolume
_2rdacarrier
504 _aIncluye bibliografía.
505 0 _aEnfoques en counseling -- La naturaleza del counseling religioso -- Los valores en el counseling religioso -- El consejero como persona -- Empatía y aceptación -- El mundo experimental -- La experiencia de amenaza y los recursos para enfrentarla -- Sentimientos y emociones -- Las necesidades del aconsejado -- La persona anormal.
526 _aSEG42
526 _aSEG41
526 _aSEG40
526 _aSEG39
526 _aP94
526 _aP87
526 _aP86
526 _aP85
526 _aP77
526 _aP76
526 _aP35
650 0 4 _aConsejería pastoral.
_91495
700 1 _aRichard, P.,
_eeditor.
700 1 _aVaughan, S. J.,
_eeditor.
910 _ajck
_bjvq
_cjck
_d20150616
942 _2ddc
_cBOOK
949 _a253.5 V37
_wDEWEY
_c1
_i24582
_lCCODEBUL1
_mBUL
_p00.00
_r0
_sY
_tBOOK
_u19920720
_xTEOLOGIA
_PP35
_0COMPRA
_o.STAFF. Colección General
994 _aC0
_bPEPRU
596 _a1
999 _a253.5 V37
_wDEWEY
_c16361
_i24582
_d16361
_e2016-2-3
_f2021-11-10
_g5
_lCCODEBUL1
_mBUL
_n1
_p12.00
_r0
_sY
_tBOOK
_u2015-6-17
_xTEOLOGIA
_PP35
_0COMPRA
_o.STAFF. Colección Teología
980 _81
_gALBERTO SANCHEZ Responsable de Automatización